000 00365nam a2200133Ia 4500
008 190216s9999||||xx |||||||||||||| ||und||
100 _aRobert M Silverstien And Terence C Morrill
245 0 _aSpectrometric Identification Of Organic Compounds
250 _a1st Ed.
260 _bPearson Education Asia
_c1974
300 _a340
650 _aChemistry
942 _cBK
999 _c2288
_d2288